| 000 | 00701nam a22002417a 4500 | ||
|---|---|---|---|
| 001 | 2199314 | ||
| 003 | DO-SdBNP | ||
| 005 | 20180221090635.0 | ||
| 007 | 2199314 | ||
| 008 | 050217s2004 sp | ||| ||spa | ||
| 016 | 7 | _2BPMSU | |
| 020 | _a8434861356 | ||
| 040 |
_aBPMSU _bspa _cBPMSU |
||
| 100 | 1 |
_aGuerrero, Andrés _d1958- |
|
| 245 | 1 | 3 |
_aEl gigante pequeño / _cAndrés Guerrero |
| 260 |
_aBoadilla del Monte, (Madrid) : _bSM, _c2004 |
||
| 300 |
_a61 p.; _bil.: _c19 cm. |
||
| 490 | 1 |
_aEl barco de vapor. [Serie blanca] _v106 |
|
| 830 | 3 |
_aEl barco de vapor. _pSerie blanca _v106 |
|
| 942 |
_2ddc _cBK |
||
| 945 | _ainventariado, 2018 / dg | ||
| 956 |
_aVMATEO _210 _320151120 _6BPMSU _820151120 |
||
| 999 |
_c8841 _d8841 |
||